| 000 | 00666nam a2200181 a 4500 | ||
|---|---|---|---|
| 005 | 20140412111318.0 | ||
| 008 | 000821s19uu xx 00 eng d | ||
| 020 | _a0-8075-1707-0 | ||
| 050 |
_aTR(PS E _bDo65 1985 |
||
| 100 | _aKline, Suzy | ||
| 245 |
_aDont' touch! / _cSuzy Kline ; pictures by Dora Leder. |
||
| 260 |
_aMorton Grove, Illinois : _bAlbert Whitman & Company, _c1985. |
||
| 300 | _a1 v. (unp.) ; ill. | ||
| 520 | _aWhen all the grown-ups constantly say, "Don't touch!" Dan finds somehting he can safely squeeze, smash, and pound to his heart's content. | ||
| 650 | _aChildren's stories, America | ||
| 650 | _aBehavior-fiction | ||
| 999 |
_c104296 _d104296 |
||